00758nam a2200217 a 450000100060000000300090000600800410001502000180005604000280007404100080010208200180011010000430012824500560017125000110022726000310023830000230026950000290029260000580032165000340037965101270041325831CO-ViMGA141112s2004 ck r 000 u spa d a9789583509827 aCO-ViMGAbspacCO-ViMGA aSPA04a320.9861 P41f1 aPlazas Vega, Mauricio Alfredo, 1955 - 10aEl frente nacional / cMauricio Alfredo Plazas Vega a2a ed. aBogotá : bTemis, c2013 a288 p. : fot. byn. aIncluye índice General aROJAS PINILLA, GUSTAVO, 1900 - 1975 - VIDA Política14aPARTIDOS POLITICOS - COLOMBIA aCOLOMBIA - Política Y GOBIERNO / COLOMBIA - HISTORIA - FRENTE NACIONAL, 1958 - 1974 / COLOMBIA - HISTORIA CONSTITUCIONAL